Statistics for Guess The Football/Soccer Player

Click here to take the quiz!

General Stats

  • This quiz has been taken 57 times
    (36 since last reset)
  • The average score is 19 of 20

Answer Stats

Answer% Correct
Cristiano Ronaldo
100%
Harry Kane
97%
Kylian Mbappe
97%
Lionel Messi
97%
Mohamed Salah
97%
Neymar Jr
97%
Pele
97%
Antoine Griezmann
94%
Diego Maradona
94%
Gareth Bale
94%
Luis Suarez
94%
Luka Modric
94%
Zinedine Zidane
94%
Zlatan Ibrahimovic
94%
Andres Iniesta
90%
Manuel Neuer
90%
Robert Lewandowski
90%
Sergio Ramos
90%
Toni Kroos
87%
Xavi
87%

Score Distribution

Percentile by Number Answered

Percent of People with Each Score

Your Score History

You have not taken this quiz since the last reset